Evaluation of certain food additives

Sparad:
Bibliografiska uppgifter
Materialtyp: Bok
Språk:Undetermined
Publicerad: Geneva World Health Organzation 1980
Ämnen:
Taggar: Lägg till en tagg
Inga taggar, Lägg till första taggen!
Thư viện lưu trữ: Trung tâm Học liệu Trường Đại học Cần Thơ
LEADER 00423nam a2200157Ia 4500
001 CTU_81517
008 210402s9999 xx 000 0 und d
082 |a 664 
082 |b E92 
245 0 |a Evaluation of certain food additives 
260 |a Geneva 
260 |b World Health Organzation 
260 |c 1980 
650 |a Food additives 
904 |i Trọng Hải 
980 |a Trung tâm Học liệu Trường Đại học Cần Thơ